[Event "3rd Cup Russia Wom Final"]
[Site "Voronezh RUS"]
[Date "2004.11.13"]
[Round "1"]
[White "Semenova,Ir"]
[Black "Shumiakina,T"]
[Result "1/2-1/2"]
[WhiteElo "2287"]
[BlackElo "2324"]

1.e4 d6 2.d4 Nf6 3.Nc3 e5 4.Nf3 Nbd7 5.Bc4 Be7 6.O-O O-O 7.a4 c6 8.a5 Rb8
9.Bg5 b5 10.axb6 axb6 11.Bxf6 Bxf6 12.d5 b5 13.Bd3 Bb7 14.dxc6 Bxc6 15.Qe2 b4
16.Nd5 Bxd5 17.exd5 Nc5 18.Nd2 Bg5 19.Ne4 Nxe4 20.Qxe4 f5 21.Qe2 e4 22.Bc4 Bf6
23.Ra2 Bd4 24.Kh1 Qf6 25.b3 Rbe8 26.Bb5 Re7 27.Qc4 f4 28.f3 e3 29.Qe2 Bc3
30.Ra6 g6 31.Bd3 Kg7 32.Be4 Qe5 33.Rg1 Rf6 34.Ra8 Qd4 35.Rd1 Qc5 36.Kg1 Ra7
37.Rxa7+ Qxa7 38.Kf1 Rf7 39.Qb5 Qe7 40.Qe2 Qh4 41.Kg1 Ra7 42.Kh1 Re7 43.Rg1 Re5
44.Rf1 Rh5 45.h3 Qg3 46.Qc4 Kh6 47.Qe2 Kg7 48.Rd1 Rxh3+ 49.gxh3 Qxh3+ 50.Kg1 Qg3+
51.Kh1 Qh3+  1/2-1/2

[Event "Tch-FIN 2004-5"]
[Site "Finland FIN"]
[Date "2004.11.14"]
[Round "5"]
[White "Hintikka,E"]
[Black "Sorsa,M"]
[Result "0-1"]
[WhiteElo "2123"]
[BlackElo "2162"]

1.d4 d6 2.e4 Nf6 3.Nc3 e5 4.dxe5 dxe5 5.Qxd8+ Kxd8 6.Nf3 Nc6 7.Bg5 h6 8.O-O-O+ Bd7
9.Bh4 g5 10.Bg3 Bd6 11.Bc4 Ke7 12.Rhe1 Bg4 13.Nd5+ Nxd5 14.exd5 Bxf3 15.gxf3 Na5
16.Bxe5 Bxe5 17.Rxe5+ Kd6 18.Re4 Nxc4 19.Rxc4 Rhe8 20.Re4 f5 21.Re3 Rxe3
22.fxe3 Re8 23.Rd3 g4 24.fxg4 fxg4 25.Kd2 Re5 26.Ke1 Rxd5 27.e4 Rxd3 28.cxd3 Ke5
29.Kf2 Kf4 30.Kg2 c5 31.b3 b5 32.h3 gxh3+ 33.Kxh3 c4 34.dxc4 bxc4 35.bxc4 Kxe4
36.Kh4 Kd4 37.Kh5 Kxc4 38.Kxh6 Kb4 39.Kg5 Ka3  0-1

[Event "16th Open"]
[Site "Leuven BEL"]
[Date "2004.11.14"]
[Round "7"]
[White "Claesen,J"]
[Black "Wuts,F"]
[Result "1-0"]
[WhiteElo "2264"]
[BlackElo "2306"]

1.e4 d6 2.d4 Nf6 3.Nc3 c6 4.Nf3 Bg4 5.h3 Bh5 6.Bf4 e6 7.Be2 Be7 8.Qd2 Nbd7
9.O-O-O Bxf3 10.Bxf3 e5 11.Be3 Qc7 12.g4 Nb6 13.Be2 O-O-O 14.g5 Nfd7 15.f4 f6
16.h4 h6 17.gxh6 exd4 18.Bxd4 Rxh6 19.Rdg1 Bf8 20.h5 Kb8 21.Rh3 Re8 22.Rg6 Rxg6
23.hxg6 Be7 24.Bg4 Nf8 25.Rh8 Rd8 26.Rg8 d5 27.Rxg7 dxe4 28.Qe3 Qd6 29.Bxb6 axb6
30.Nxe4 Qd5 31.Rxe7 f5 32.Qxb6 c5 33.Rxb7+ Qxb7 34.Qxd8+ Ka7 35.Bxf5  1-0

[Event "It"]
[Site "Piestany SVK"]
[Date "2004.11.18"]
[Round "2"]
[White "Meszaros,Mi"]
[Black "Pribyl,Jo"]
[Result "1/2-1/2"]
[WhiteElo "2322"]
[BlackElo "2400"]

1.e4 d6 2.d4 Nf6 3.Nc3 e5 4.Nf3 Nbd7 5.Bc4 Be7 6.O-O O-O 7.Qe2 c6 8.a4 b6
9.d5 c5 10.a5 a6 11.axb6 Nxb6 12.Bd2 Nxc4 13.Qxc4 Nh5 14.Ne1 Bg5 15.Bxg5 Qxg5
16.Ne2 Rb8 17.Nd3 f5 18.f4 Nxf4 19.Nexf4 exf4 20.e5 Bd7 21.e6 Bb5 22.Qxf4 Qxf4
23.Rxf4 g5 24.Rf2 f4 25.b3 Bxd3 26.cxd3 Rf5 27.g3 Rxd5 28.gxf4 gxf4 29.Rxa6 Re8
30.Rxf4 Rxe6 31.Rf3  1/2-1/2

[Event "Acropolis IM Open"]
[Site "Athens GRE"]
[Date "2004.11.20"]
[Round "5"]
[White "Skembris,S"]
[Black "Solak,D"]
[Result "1/2-1/2"]
[WhiteElo "2446"]
[BlackElo "2563"]

1.d4 d6 2.e4 Nf6 3.Nc3 e5 4.dxe5 dxe5 5.Qxd8+ Kxd8 6.Bc4 Bb4 7.Bd2 Ke7 8.Nf3 Nbd7
9.a3 Bxc3 10.Bxc3 Nxe4 11.Bxe5 Nxe5 12.Nxe5  1/2-1/2

[Event "Acropolis IM Open"]
[Site "Athens GRE"]
[Date "2004.11.20"]
[Round "5"]
[White "Kokolias,K"]
[Black "Siamidis,D"]
[Result "1/2-1/2"]
[WhiteElo "2172"]
[BlackElo "2211"]

1.e4 d6 2.d4 Nf6 3.Nc3 c6 4.Nf3 g6 5.Bf4 Bg7 6.Qd2 Qa5 7.e5 dxe5 8.dxe5 Nd5
9.Nxd5 Qxd2+ 10.Bxd2 cxd5 11.h3 O-O 12.O-O-O Nc6 13.Bc3 e6 14.Bb5 a6 15.Bxc6 bxc6
16.Bd4 a5 17.a4 Ba6 18.Nd2 Rfc8 19.Nb3 Bh6+ 20.Kb1 Bf8 21.Nc5 Rc7 22.Rhe1 Bc8
23.Re3 Rb8 24.Rc3 Rb4 25.b3 Bg7 26.f4 Bf8 27.h4 Kg7 28.g3 Be7 29.Rd2 h6 30.Be3 Kh7
31.Kc1 Bf8 32.Kd1 Bg7 33.Bd4 Bf8 34.Ke1 Be7 35.Be3 f6 36.Bd4 Kg7 37.Kf2 f5
38.Kf3 g5 39.hxg5 hxg5 40.Ke3 Kg6 41.Rh2 Bf8 42.Nd3 Rb8 43.Bc5 Bxc5+ 44.Rxc5 Ba6
45.Rxa5 Bxd3 46.Kxd3 Rb4 47.Ke3 Re4+ 48.Kf3 c5 49.Ra6 Re7 50.Rc6 c4 51.bxc4 Rxc4
52.Rxc4 dxc4 53.c3 Rd7 54.Rc2 Rd3+ 55.Kf2 Kh5 56.fxg5 Kxg5 57.a5 f4 58.gxf4+ Kxf4
59.a6 Rf3+ 60.Ke2 Re3+ 61.Kf2 Rf3+ 62.Kg2 Rg3+ 63.Kh2 Rg7 64.Ra2 Ra7 65.Kg2 Ke3
66.Kg3 Kd3 67.Ra3 Kc2 68.Kf4 Kb2 69.Ra5 Kxc3 70.Kg5 Kb4 71.Ra1 c3 72.Kf6 c2
73.Rc1 Kc3 74.Kxe6 Rxa6+ 75.Kf7 Kd2 76.Rxc2+ Kxc2 77.e6  1/2-1/2

[Event "XLIII WJun"]
[Site "Kochin IND"]
[Date "2004.11.20"]
[Round "2"]
[White "Zhao Jun"]
[Black "Johannes,M"]
[Result "1-0"]
[WhiteElo "2511"]
[BlackElo "2316"]

1.e4 d6 2.d4 Nf6 3.Nc3 e5 4.Nf3 exd4 5.Nxd4 Be7 6.g3 O-O 7.Bg2 Re8 8.O-O Na6
9.b3 Bf8 10.Bb2 Nc5 11.Re1 c6 12.Qd2 Bd7 13.Rad1 Qc8 14.Ba3 Bh3 15.f3 Bxg2
16.Kxg2 Qc7 17.Nf5 Rad8 18.Bxc5 dxc5 19.Qg5 Rxd1 20.Rxd1 Kh8 21.Qd2 Qe5 22.f4 Qe6
23.Nd6 Bxd6 24.Qxd6 Qxd6 25.Rxd6 Re6 26.Rd8+ Re8 27.Rd3 Re7 28.e5 Nd7 29.Ne4 h6
30.Rd6 Kg8 31.Kf3 Kf8 32.c4 a5 33.a4 Kg8 34.g4 Kf8 35.h4 Kg8 36.h5 Kf8 37.Ke3 Kg8
38.Ng3 Nf8 39.Rd8 Rd7 40.Rb8 g6 41.hxg6 fxg6 42.Ne4 Kg7 43.Nxc5  1-0

[Event "ch-CRO"]
[Site "Zagreb CRO"]
[Date "2004.11.20"]
[Round "5"]
[White "Stevic,H"]
[Black "Jovanovic,Zo2"]
[Result "1/2-1/2"]
[WhiteElo "2539"]
[BlackElo "2446"]

1.e4 d6 2.d4 Nf6 3.Nc3 e5 4.dxe5 dxe5 5.Qxd8+ Kxd8 6.Bc4 Be6 7.Bxe6 fxe6
8.f3 Bd6 9.Be3 Nc6 10.Nh3 Ke7 11.Nf2 a6 12.O-O-O  1/2-1/2

[Event "TCh-BEL2 2004-5"]
[Site "Belgium BEL"]
[Date "2004.11.21"]
[Round "4"]
[White "Foguenne,M"]
[Black "Lobzhanidze,D"]
[Result "0-1"]
[WhiteElo "2200"]
[BlackElo "2467"]

1.e4 d6 2.d4 Nf6 3.Nc3 e5 4.dxe5 dxe5 5.Qxd8+ Kxd8 6.Nf3 Bd6 7.Bc4 Ke7 8.Bg5 c6
9.O-O Nd7 10.Nh4 g6 11.f4 h6 12.fxe5 Bc5+ 13.Kh1 hxg5 14.exf6+ Ke8 15.Nxg6 fxg6
16.e5 Nxe5 17.Rae1 Bd6 18.Rxe5+ Bxe5 19.Re1 Kf8 20.Rxe5 Rh4 21.Bd3 Bf5 22.g3 Rd4
23.Bxf5 gxf5 24.Rxf5 Re8 25.Kg2 g4 26.Rf2 Kf7 27.h3 gxh3+ 28.Kxh3 Rh8+ 29.Kg2 Rh6
30.Re2 Rxf6 31.Ne4 Rf5 32.c3 Rd3 33.g4 Re5 34.Rf2+ Kg6 35.Ng3 Ree3 36.Nf5 Re4
37.Nh4+ Kg5 38.Nf5 Rxg4+ 39.Kf1 Rf4 40.Rxf4 Kxf4 41.Ke2 Rh3  0-1

[Event "1st Master Rapid Open"]
[Site "Benidorm ESP"]
[Date "2004.11.21"]
[Round "5"]
[White "Kasimdzhanov,R"]
[Black "Hernandez,Gi"]
[Result "1-0"]
[WhiteElo "2650"]
[BlackElo "2509"]

1.e4 d6 2.d4 Nf6 3.Nc3 e5 4.Nge2 Nbd7 5.f3 c6 6.Be3 b5 7.d5 Bb7 8.dxc6 Bxc6
9.a3 a6 10.Ng3 g6 11.Qd2 Be7 12.Be2 Rb8 13.O-O O-O 14.Bh6 Re8 15.Rad1 Kh8
16.Kh1 Ng8 17.Be3 Ngf6 18.f4 exf4 19.Rxf4 Ne5 20.Bd4 Kg7 21.Rdf1 a5 22.Nd1 Bd7
23.Ne3 Be6 24.Bc3 a4 25.Nd5 Bxd5 26.exd5 Rf8 27.Rh4 Ng8 28.Rb4 Qd7 29.Bd3 Nf6
30.Qg5 h6 31.Qd2 Nxd5 32.Bf5 Qc6 33.Be4 Nxb4 34.Bxc6 Nxc6 35.Qd5 f5 36.Qxc6  1-0

[Event "1st Master Rapid Open"]
[Site "Benidorm ESP"]
[Date "2004.11.21"]
[Round "6"]
[White "Perez Garcia,R"]
[Black "Garcia Fernandez,C"]
[Result "1/2-1/2"]
[WhiteElo "2164"]
[BlackElo "2360"]

1.e4 d6 2.d4 Nf6 3.Nc3 e5 4.Nf3 Nbd7 5.Bc4 Be7 6.O-O O-O 7.Re1 c6 8.a4 b6
9.b3 a6 10.Bb2 Rb8 11.Bd3 Re8 12.Qd2 Bf8 13.Rad1 Qc7 14.h3 h6 15.dxe5 dxe5
16.Ne2 b5 17.axb5 axb5 18.Ng3 g6 19.Bf1 Ra8 20.Ra1 Rxa1 21.Rxa1 Nc5 22.Qe3 Bb7
23.Ba3 Ra8 24.Bb2 Ncd7 25.Rxa8 Bxa8 26.Qc3 Bd6 27.Qd2 Bf8 28.Qc3 Bd6 29.Qd2  1/2-1/2

[Event "TCh-AUT"]
[Site "Graz AUT"]
[Date "2004.11.21"]
[Round "3"]
[White "Baumegger,S"]
[Black "Bezold,M"]
[Result "1/2-1/2"]
[WhiteElo "2413"]
[BlackElo "2532"]

1.e4 d6 2.d4 Nf6 3.Nc3 e5 4.Nf3 Nbd7 5.Bc4 Be7 6.O-O O-O 7.a4 c6 8.Re1 b6
9.b3 Bb7 10.Ba3 exd4 11.Nxd4 g6 12.Ba6 Qc8 13.Bxb7 Qxb7 14.f4 Rfe8 15.Qf3 Rac8
16.Bb2 Qc7 17.g4 Bf8 18.Nde2 Bg7 19.Ng3 Nc5 20.Re2 Qe7 21.Rae1 Nfd7 22.g5 Rf8
23.Qg2 f6 24.b4 Ne6 25.Nf5 gxf5 26.exf5 Nxf4 27.Rxe7 Nxg2 28.Kxg2 Ne5 29.Ne4 Rcd8
30.Bxe5 dxe5 31.gxf6 Bxf6 32.Rxa7 Bh4 33.Re2 Rxf5 34.Kh3 Rf4 35.Rg2+ Kh8
36.Rg4 Rxg4 37.Kxg4 Rf8 38.Kxh4 Rf4+ 39.Kg5 Rxe4 40.c3 Re3 41.Rb7 Rxc3 42.Rxb6 e4
43.Rb8+ Kg7 44.Rb7+ Kf8 45.Kf4 e3 46.Kf3 Ra3 47.a5 c5 48.bxc5 Rxa5 49.c6 Rc5
50.c7 Ke8 51.Kxe3 Kd7 52.c8=Q+ Kxc8 53.Rxh7 Kd8 54.Rf7 Rh5 55.Rf2  1/2-1/2

[Event "TCh-AUT"]
[Site "Graz AUT"]
[Date "2004.11.21"]
[Round "3"]
[White "Brustkern,J"]
[Black "Schwarz,Mic"]
[Result "1/2-1/2"]
[WhiteElo "2236"]
[BlackElo "2408"]

1.e4 d6 2.d4 Nf6 3.Nc3 c6 4.f4 Qa5 5.Bd3 e5 6.Nf3 Bg4 7.Be3 Nbd7 8.O-O Be7
9.Qe1 Bxf3 10.Rxf3 Ng4 11.Bd2 Qb6 12.Ne2 exd4 13.h3 Ne3 14.Kh1 Bf6 15.Nxd4 Bxd4
16.Bxe3 Bxe3 17.Rxe3 Qxb2 18.Rb1 Qxa2 19.Rxb7 Nc5 20.Qc3 Nxb7 21.Qxc6+ Kf8
22.Qxb7 Rd8 23.e5 Qa1+ 24.Kh2 Qd4 25.e6 fxe6 26.Rxe6 Qxf4+ 27.Kg1 Qd4+ 28.Kh1 Kg8  1/2-1/2

[Event "TCh-AUT"]
[Site "Graz AUT"]
[Date "2004.11.21"]
[Round "3"]
[White "Ftacnik,L"]
[Black "Beim,V"]
[Result "1-0"]
[WhiteElo "2533"]
[BlackElo "2512"]

1.e4 d6 2.d4 Nf6 3.Nc3 e5 4.Nf3 Nbd7 5.Bc4 Be7 6.O-O O-O 7.Re1 c6 8.a4 b6
9.d5 Bb7 10.dxc6 Bxc6 11.b3 Nc5 12.Nd2 Qd7 13.Ba3 Rad8 14.Nd5 Qb7 15.Qf3 Nxd5
16.Bxd5 Bxd5 17.exd5 Rc8 18.Rad1 f5 19.Nc4 Kh8 20.Qe2 Qc7 21.f4 e4 22.Ne3 Bf6
23.Kh1 g6 24.g4 fxg4 25.Qxg4 a6 26.f5 gxf5 27.Nxf5 b5 28.axb5 axb5 29.Rg1 Be5
30.Bc1 Rg8 31.Qh5 Qd7 32.Be3 Na6 33.Nh4 Rxc2 34.Bh6  1-0

[Event "XLVIII TCh-ESP"]
[Site "Sanxenxo ESP"]
[Date "2004.11.21"]
[Round "4"]
[White "Moreno Carnero,J"]
[Black "Franco Ocampos,Z"]
[Result "1/2-1/2"]
[WhiteElo "2512"]
[BlackElo "2526"]

1.e4 d6 2.d4 Nf6 3.Nc3 e5 4.Nf3 Nbd7 5.Bc4 Be7 6.O-O O-O 7.a4 c6 8.Re1 b6
9.h3 Bb7 10.dxe5 Nxe5 11.Ba2 Nxf3+ 12.Qxf3 a6 13.Bf4 b5 14.e5 dxe5 15.Bxe5 Qc8
16.Ne4 c5 17.Qg3 Bxe4 18.Rxe4 g6 19.Bxf6 Bxf6 20.Bd5 Rb8 21.axb5  1/2-1/2

[Event "4NCL"]
[Site "West Bromwich ENG"]
[Date "2004.11.21"]
[Round "4"]
[White "King,D"]
[Black "Rudd,J"]
[Result "1-0"]
[WhiteElo "2517"]
[BlackElo "2291"]

1.e4 d6 2.d4 Nf6 3.Nc3 c6 4.g3 Nbd7 5.Bg2 e5 6.a4 Be7 7.Nge2 O-O 8.O-O Re8
9.h3 Bf8 10.Re1 b6 11.g4 g6 12.Ng3 exd4 13.Qxd4 Ne5 14.g5 Bxh3 15.gxf6 Qxf6
16.Qe3 Bg4 17.Qf4 Bg7 18.Qxf6 Bxf6 19.f4 Nf3+ 20.Bxf3 Bxf3 21.Kf2 Bg4 22.Bd2 h5
23.Kg2 Re7 24.Nh1 Rae8 25.Nf2 Bc8 26.Rad1 Re6 27.Kg3 Bg7 28.Nh3 f6 29.Nf2 f5
30.exf5 Rxe1 31.Rxe1 Rxe1 32.Bxe1 Bxf5 33.Nd3 Kf7 34.b3 Ke7 35.Nd1 Bd4 36.Bc3 Bxc3
37.Nxc3 d5 38.Kh4 Kf6 39.b4 a6 40.b5 axb5 41.axb5 d4 42.Nb1 cxb5 43.Nd2 Ke6
44.Nb4 Kd6 45.Nb3 Bd7 46.Kg5 Be8 47.Na6 Bf7 48.Nxd4 Bd5 49.Nxb5+ Kc6 50.Nd4+ Kb7
51.Nb4 Be4 52.Ne2 Kc7 53.Ng3 Bf3 54.Nd3 Bd1 55.c3 Bc2 56.Ne5 h4 57.Kxh4 Kd6
58.Kg5 Kc5 59.Nf1 b5 60.Ne3 Be4 61.Nxg6 b4 62.cxb4+ Kxb4 63.Kf6 Kc5 64.Nh4 Kd4
65.Nhf5+ Kc5 66.Ke5 Bd3 67.Nd6 Bg6 68.Nd5 Bh7 69.Nf6 Bc2 70.Nfe4+ Kc6 71.f5 Bb3
72.f6 Bg8 73.Ng5 Kd7 74.Nf5 Bc4 75.Ng7 Bg8 76.N7e6  1-0

[Event "Acropolis IM Open"]
[Site "Athens GRE"]
[Date "2004.11.23"]
[Round "8"]
[White "Papargyriou,A"]
[Black "Poteas,I"]
[Result "1-0"]
[WhiteElo "2110"]
[BlackElo "2187"]

1.e4 d6 2.d4 Nf6 3.Nc3 c6 4.f4 Qa5 5.Bd3 e5 6.Nf3 Bg4 7.Be3 Nbd7 8.O-O Be7
9.h3 Bxf3 10.Qxf3 exd4 11.Bxd4 Bd8 12.e5 Bb6 13.Bxb6 Qxb6+ 14.Kh1 Nd5 15.Nxd5 cxd5
16.Qxd5 O-O 17.Qxd6 Qxd6 18.exd6 Nc5 19.Bf5 a5 20.Rfe1 Rfd8 21.Rad1 g6 22.Bg4 Kf8
23.b3 f5 24.Bf3 Rd7 25.Rd5 Rc8 26.g4 Ne4 27.Bxe4 fxe4 28.c4 Re8 29.c5 Kf7
30.Re5 Rxe5 31.fxe5 Ke6 32.Rxe4 Rf7 33.Kg2 Rf8 34.Ra4 Kxe5 35.Rxa5 Kd5 36.b4 Kc6
37.Ra3 Rf4 38.Rd3 Kd7 39.a3 g5 40.Rf3  1-0

[Event "Lushki A"]
[Site "Serpukhov RUS"]
[Date "2004.11.23"]
[Round "6"]
[White "Moskalenko,A"]
[Black "Komliakov,V"]
[Result "1/2-1/2"]
[WhiteElo "2319"]
[BlackElo "2434"]

1.e4 d6 2.d4 Nf6 3.Nc3 e5 4.dxe5 dxe5 5.Qxd8+ Kxd8 6.Bg5 Be6 7.O-O-O+ Nd7
8.f4 exf4 9.Nf3 Kc8 10.Bxf4 Bb4 11.Nd5 Ba5 12.Nxf6 Nxf6 13.Bd3 c6 14.Ng5 Bc7
15.Rhf1 Bxf4+ 16.Rxf4 Re8 17.e5 Nd5 18.Nxe6 Nxf4 19.Nxf4 Rxe5 20.Bxh7 g6
21.Nh3 Rf5 22.g4 Rf6 23.Ng5 Kc7 24.h4 Rh8 25.h5 gxh5 26.gxh5 Rf2 27.Rg1 Rh2
28.Bd3 R8xh5 29.Nxf7 Rh1 30.Rxh1 Rxh1+ 31.Kd2 a5 32.a4 Rh5 33.Be2 Rd5+ 34.Bd3 Rh5
35.Be2 Rd5+ 36.Ke3 Rc5 37.Bd3 Rh5 38.Kd4 Rd5+ 39.Ke4 Rh5 40.b3 Rc5 41.Ke3 Rh5
42.Kd4 Rd5+ 43.Ke4 Rh5 44.Ne5 Kd6 45.Nc4+ Kc7 46.Be2 Rc5 47.Bd3 Rh5 48.Kf4 Rd5
49.Be4 Rc5 50.Bd3 Rd5 51.Ke3 Rh5 52.Kd4 Rd5+ 53.Ke3 Rh5 54.Be4 Rg5 55.Kd4 Rh5
56.Bf3 Rg5 57.Ne5 Rg8 58.Ke4 Re8 59.Kd4 Rd8+ 60.Kc5 Rf8 61.Be4 Re8 62.Kd4 Rh8
63.Bg6 Rd8+ 64.Ke4 Rd2 65.Ke3 Rd5 66.Nc4 Rg5 67.Be4 Rh5 68.Kd4 Rg5 69.Ne3 Rg8
70.Bf5 Rf8 71.Ke5 Rd8 72.Be4 Re8+ 73.Kf4 Rf8+ 74.Bf5 Rd8 75.Be6 Kd6 76.Bf5 Kc5
77.c3 b5 78.axb5  1/2-1/2

[Event "3rd Cup Russia Wom Final"]
[Site "Voronezh RUS"]
[Date "2004.11.23"]
[Round "10"]
[White "Semenova,Ir"]
[Black "Kirillova,V"]
[Result "1/2-1/2"]
[WhiteElo "2287"]
[BlackElo "2262"]

1.e4 d6 2.d4 Nf6 3.Nc3 e5 4.Nf3 Nbd7 5.Bc4 Be7 6.O-O O-O 7.a4 c6 8.a5 Rb8
9.Re1 b5 10.axb6 axb6 11.Bg5 b5 12.Bb3 h6 13.Bxf6 Bxf6 14.d5 c5 15.Ne2 c4
16.Ba2 Nc5 17.Ng3 g6 18.b3 cxb3 19.Bxb3 Bg7 20.Nd2 Bd7 21.Ne2 Qb6 22.Nc3 Ra8
23.Qe2 f5 24.Rxa8 Rxa8 25.Rb1 Qa5 26.Nd1 Rf8 27.f3 Bf6 28.Nf2 Bg5 29.Nf1 fxe4
30.Nxe4 Nxe4 31.Qxe4 Bf5 32.Qe2 Rc8 33.Ng3 Rc3 34.Nxf5 gxf5 35.Qe1 Be3+ 36.Kh1 Bd2
37.Qh4 Bg5 38.Qh5 Re3 39.Qg6+ Kh8 40.Qe8+ Kg7  1/2-1/2

[Event "Bundesliga 2004-5"]
[Site "Preetzer GER"]
[Date "2004.11.27"]
[Round "3"]
[White "Marxen,P"]
[Black "Burkart,P"]
[Result "0-1"]
[WhiteElo "2212"]
[BlackElo "2338"]

1.e4 d6 2.d4 Nf6 3.Nc3 c6 4.Nf3 Bg4 5.Be2 e6 6.O-O Be7 7.Be3 O-O 8.Nd2 Bxe2
9.Qxe2 d5 10.e5 Nfd7 11.f4 c5 12.Nf3 Nc6 13.Kh1 a6 14.Rad1 Qb6 15.Qd2 Rac8
16.Na4 Qb5 17.Nxc5 Nxc5 18.dxc5 Qxb2 19.Rb1 Qxa2 20.Rxb7 Rfd8 21.Qf2 Qc4
22.h3 d4 23.Bxd4 Nxd4 24.Rxe7 Nf5 25.Ra7 Qxf1+ 26.Qxf1 Ng3+ 27.Kg1 Nxf1 28.Kxf1 Rxc5
29.Rxa6 Rxc2 30.Kg1 Rc4 31.g3 Rb4 32.Ra7 h6 33.Kf2  0-1

[Event "Lushki A"]
[Site "Serpukhov RUS"]
[Date "2004.11.27"]
[Round "12"]
[White "Chebotarev,O"]
[Black "Dudukin,Ilya"]
[Result "1-0"]
[WhiteElo "2486"]
[BlackElo "2431"]

1.e4 d6 2.d4 Nf6 3.Nc3 e5 4.Nf3 Nbd7 5.Bc4 Be7 6.O-O O-O 7.Re1 c6 8.a4 a5
9.h3 exd4 10.Qxd4 Nc5 11.Bf4 Be6 12.Rad1 Ne8 13.b3 Qb6 14.Bf1 Rd8 15.Qe3 Nf6
16.Nd4 Rfe8 17.Qf3 d5 18.exd5 Bxd5 19.Nxd5 Nxd5 20.Nf5 Bf6 21.Rxe8+ Rxe8
22.Nd6 Ra8 23.Bg3 Ne6 24.Bc4 Nd4 25.Qg4 Rf8 26.Qd7 Nxc2 27.Qxb7 Nd4 28.Re1 Qxb7
29.Nxb7 Nb6 30.Bd3 g6 31.Nxa5 Ra8 32.Bd6 Kg7 33.Be5 Nxa4 34.Bxd4 Bxd4 35.Nxc6 Nc5
36.Nxd4 Nxd3 37.Rb1 Nb4 38.Rc1 h5 39.g3 Kf6 40.Kg2 Ra2 41.Rc3 Rd2 42.Nf3 Rb2
43.Ne1 Rb1 44.Nd3 Nxd3 45.Rxd3 Kg7 46.h4 Rb2 47.Kf3 Kh6 48.Ke3 f6 49.f4 g5
50.Ke4 Kg6 51.Rf3 gxh4 52.gxh4 Rh2 53.Rg3+ Kf7 54.Rc3 Kg6 55.b4 Re2+ 56.Kd5 Kf5
57.b5 Rb2 58.Kc6 Kxf4 59.b6 f5 60.Rc5 Kg4 61.Rb5 Rc2+ 62.Kd7 Rd2+ 63.Ke7 Re2+
64.Kf7 Rd2 65.b7 Rd8 66.b8=Q Rxb8 67.Rxb8 f4 68.Kf6 Kxh4 69.Kf5  1-0

[Event "ch-ROM w KO"]
[Site "Brasov ROM"]
[Date "2004.11.28"]
[Round "4.2"]
[White "Vasiesiu,C"]
[Black "Ionica,I"]
[Result "1-0"]
[WhiteElo "2171"]
[BlackElo "2240"]

1.e4 d6 2.d4 Nf6 3.Nc3 e5 4.Nf3 Nbd7 5.Bc4 Be7 6.O-O O-O 7.Qe2 c6 8.a4 exd4
9.Nxd4 Re8 10.Rd1 Ne5 11.Ba2 Bf8 12.h3 Qc7 13.Bg5 Ned7 14.Qc4 Nb6 15.Qd3 Nbd7
16.Qg3 Nh5 17.Qh4 g6 18.Nf5 gxf5 19.Bxf7+ Kxf7 20.Qxh5+ Kg8 21.Qxe8 Ne5 22.Bh6 Qf7
23.Qxf8+ Qxf8 24.Bxf8 Kxf8 25.Rxd6 Ke7 26.Rh6 Nf7 27.Rxh7 fxe4 28.Nxe4 Bf5
29.Rh4 Rg8 30.Re1 Ne5 31.Ng3 Kf6 32.Rxe5  1-0

[Event "TCh-SLO"]
[Site "Celje SLO"]
[Date "2004.11.29"]
[Round "1"]
[White "Praznik,N"]
[Black "Srebrnic,A"]
[Result "1/2-1/2"]
[WhiteElo "2323"]
[BlackElo "2245"]

1.e4 d6 2.d4 Nf6 3.Nc3 e5 4.Nf3 Nbd7 5.Bc4 Be7 6.O-O O-O 7.h3 c6 8.a4 b6
9.Re1 a6 10.Ba2 Qc7 11.Bg5 Re8 12.Bh4 h6 13.Bg3 Rb8 14.dxe5 dxe5 15.Nh4 Nf8
16.Nf5 Be6 17.Qf3 b5 18.axb5 axb5 19.Nxe7+ Rxe7 20.Bh4 N8d7 21.Qe3 b4 22.Na4 Ree8
23.Bxf6 Nxf6 24.Bxe6 fxe6 25.Nc5 Rb5 26.Ra6 Qd6 27.Nb3 Nd7 28.Qe2 Qc7 29.Rea1 Nb6
30.Qh5 Qf7 31.Qe2 Rf8 32.Ra7 Qg6 33.Rc7 Nc8 34.Rxc6 Rb7 35.Raa6 Rbf7 36.Rxe6 Qg5
37.f3 Rxf3 38.Rg6 Rf1+ 39.Kh2 Qf4+ 40.Rg3 Ne7 41.Ra7 Ng6 42.Qg4 Qxg4 43.Rxg4 Kh7
44.Nd2 R1f7 45.Ra4 Rc8 46.Rxb4 Rxc2 47.Nc4 Rff2 48.b3 Nf4 49.Ne3 Rc7 50.Nd5 Nxd5
51.exd5 Rd2 52.Rb5 Rd7 53.d6 R2xd6 54.Rxe5 Rb7 55.b4 Rd3 56.Ree4 Rb3 57.Rc4 Rf7
58.Rgf4 Re7 59.Rce4 Rd7 60.Rf3 Rb2 61.Rg4 Rb7 62.Rff4 Rb3 63.h4 h5 64.Rg5 R7xb4
65.Rxh5+ Kg6 66.Rg5+ Kh6 67.Rxb4 Rxb4  1/2-1/2

[Event "TCh-SLO"]
[Site "Celje SLO"]
[Date "2004.11.30"]
[Round "3"]
[White "Bohak,J"]
[Black "Barle,J"]
[Result "1/2-1/2"]
[WhiteElo "2161"]
[BlackElo "2406"]

1.d4 d6 2.e4 Nf6 3.Nc3 e5 4.dxe5 dxe5 5.Qxd8+ Kxd8 6.Bg5 Be6 7.O-O-O+ Kc8
8.f3 Nbd7 9.Nge2 h6 10.Be3 Bc5 11.Bxc5 Nxc5 12.Ng3 g6 13.Nd5 Nfd7 14.b3 c6
15.Ne3 Nb6 16.Be2 Kc7 17.Ngf1 a5 18.Nd2 Nc8 19.a4 f6 20.Bc4 Nd6 21.Bxe6 Nxe6
22.Ndc4 Nxc4 23.Nxc4 Nd4 24.Kb2 Rhd8 25.c3  1/2-1/2

[Event "TCh-SLO"]
[Site "Celje SLO"]
[Date "2004.12.03"]
[Round "6"]
[White "Sax,G"]
[Black "Zaja,I"]
[Result "1-0"]
[WhiteElo "2560"]
[BlackElo "2459"]

1.e4 d6 2.d4 Nf6 3.Nc3 e5 4.Nge2 g6 5.Bg5 h6 6.Be3 Bg7 7.f3 Nc6 8.Qd2 a6
9.O-O-O b5 10.dxe5 Nxe5 11.Nf4 Rb8 12.Ncd5 Nfd7 13.Qa5 Rb7 14.Be2 O-O 15.h4 Qe8
16.Qxa6 c6 17.Nc3 Nc5 18.Qa5 Qe7 19.Qb4 Kh7 20.Kb1 Rd8 21.a3 Na6 22.Qa5 Rb8
23.Na2 Nc4 24.Bxc4 bxc4 25.Bd4 Bxd4 26.Rxd4 Nc5 27.Rxc4 Ba6 28.Rb4 Qe5 29.g3 Bc4
30.Rxb8 Rxb8 31.Nc3 Rxb2+ 32.Kxb2 Nd3+ 33.cxd3 Qxa5 34.dxc4 Qb6+ 35.Kc2 Qc5
36.Kb3 Qb6+ 37.Kc2 Qc5 38.a4 Qxc4 39.Rd1 g5 40.hxg5 hxg5 41.Nd3 f6 42.a5 d5
43.Nb2 Qc5 44.exd5 cxd5 45.Rxd5 Qf2+ 46.Kb3 Qxg3 47.a6 Qb8+ 48.Nb5 Qa8 49.Nc7 Qb8+
50.Rb5 Qa7 51.Rb7 Qe3+ 52.Kb4 Kh6 53.a7 Qd2+ 54.Ka4 Qd4+ 55.Kb3  1-0

[Event "TCh-SLO"]
[Site "Celje SLO"]
[Date "2004.12.03"]
[Round "6"]
[White "Pavasovic,D"]
[Black "Srebrnic,M"]
[Result "1-0"]
[WhiteElo "2581"]
[BlackElo "2252"]

1.e4 d6 2.d4 Nf6 3.Nc3 e5 4.Nf3 Nbd7 5.Bc4 Be7 6.O-O O-O 7.a4 c6 8.Re1 b6
9.d5 cxd5 10.Nxd5 Nxd5 11.Bxd5 Rb8 12.Qd3 Nc5 13.Qe3 a5 14.b3 Kh8 15.Ng5 Ne6
16.Bxe6 fxe6 17.Nf3 Bf6 18.Bb2 Qc7 19.c4 Bb7 20.Rad1 Rfd8 21.Rd3 Rd7 22.Ba3 h6
23.h4 d5 24.exd5 exd5 25.Nxe5 Bxe5 26.Qxe5 Qxe5 27.Rxe5 Rbd8 28.c5 bxc5 29.Bxc5 Ra8
30.Bd4 Rf7 31.Rg3 Ra6 32.Re8+ Kh7 33.h5 Rc6 34.Bc3 Rc5 35.Rb8 d4 36.Bxd4 Rxh5
37.Bxg7 Rg5 38.Rxg5 hxg5 39.Bc3 Bd5 40.Bxa5 Ra7 41.Bb6 Re7 42.b4  1-0

[Event "It"]
[Site "Legnica POL"]
[Date "2004.12.04"]
[Round "2"]
[White "Lanka,Z"]
[Black "Izbinski,B"]
[Result "1-0"]
[WhiteElo "2455"]
[BlackElo "2289"]

1.e4 d6 2.d4 Nf6 3.Nc3 e5 4.Nf3 Nbd7 5.Bc4 Be7 6.O-O O-O 7.Re1 c6 8.a4 b6
9.b3 Bb7 10.Bb2 Rc8 11.Bd3 Qc7 12.Ne2 Rfe8 13.Ng3 Bf8 14.c3 Rcd8 15.b4 a6
16.Qb3 Nb8 17.a5 b5 18.Rac1 c5 19.dxc5 dxc5 20.c4 Bc6 21.Bb1 bxc4 22.Qxc4 Bb5
23.Qc3 Nc6 24.bxc5 Nd7 25.Qe3 Nxa5 26.Ba2 h6 27.Ba3 Nf6 28.Rc3 Nc6 29.Nf5 Ng4
30.Qc1 Nd4 31.N3xd4 exd4 32.Rg3 d3 33.Qd2 Bd7 34.Nd6 Bxd6 35.cxd6 Qa7 36.h3 Ne5
37.Qxh6 Bg4 38.Qf4 d2 39.Qxd2 Be6 40.Kh2 Bxa2 41.Qxa2 Qd4 42.Qe2  1-0

[Event "Extraliga CZE 2004-5"]
[Site "Czech Rep CZE"]
[Date "2004.12.05"]
[Round "4"]
[White "Hagara,E"]
[Black "Pribyl,Jo"]
[Result "1-0"]
[WhiteElo "2398"]
[BlackElo "2400"]

1.e4 d6 2.d4 Nf6 3.Nc3 e5 4.Nf3 Nbd7 5.Bc4 Be7 6.O-O O-O 7.a4 c6 8.Re1 b6
9.h3 a6 10.Ba2 Bb7 11.dxe5 dxe5 12.Nh4 Ne8 13.Nf5 Bf6 14.Qg4 Kh8 15.Rd1 Bc8
16.Be3 Qc7 17.Qf3 b5 18.Rd2 b4 19.Ne2 c5 20.Bd5 Rb8 21.b3 Nb6 22.Neg3 Be6
23.Rad1 Nxd5 24.exd5 Bxf5 25.Nxf5 Nd6 26.Nxd6 Qxd6 27.Qe4 Be7 28.f4 Bf6 29.Re2 Rbc8
30.Kh1 Rfe8 31.Qc4 Re7 32.f5 h6 33.Bg1 Rd7 34.Rd3 Kg8 35.Re4 Be7 36.Bh2 f6
37.Rg4 Kf7 38.Bg1 Bf8 39.Rh4 Ke8 40.Qg4 Qe7 41.Qf3 Qf7 42.Rc4 Bd6 43.c3 Rb7
44.Qe4 a5 45.Bf2 Qd7 46.Be1 Kf7 47.Qf3 Kg8 48.Bd2 Kh7 49.Rh4 c4 50.bxc4 b3
51.Bxh6 gxh6 52.Qh5 Bf8 53.Qg6+ Kh8 54.Qxf6+ Bg7 55.Rxh6+ Kg8 56.Rg3 Qe8  1-0

[Event "Open"]
[Site "Porec HUN"]
[Date "2004.12.05"]
[Round "7"]
[White "Popovic,Mir"]
[Black "Senjic,P"]
[Result "1/2-1/2"]
[WhiteElo "1934"]
[BlackElo "1965"]

1.e4 d6 2.d4 Nf6 3.Nc3 c6 4.Nf3 Bg4 5.Be2 Nbd7 6.Bg5 Qa5 7.Bd2 Qb6 8.O-O Bxf3
9.Bxf3 Qxd4 10.Ne2 Qb6 11.Be3 Qc7 12.g3 h5 13.h4 Ne5 14.Bg2 Nc4 15.Bd4 e5
16.Bc3 Be7 17.b3 Nb6 18.Ba5 Qd7 19.c4 Nc8 20.Qd3 b6 21.Bc3 a5 22.Kh2 g5 23.hxg5 Ng4+
24.Kg1 Bxg5 25.Bh3 Qc7 26.f4 Bf6 27.Rad1 Rg8 28.Qf3 Na7 29.fxe5 Bxe5 30.Bxe5 dxe5
31.Qf5 Rd8 32.Rxd8+ Kxd8 33.Qxh5 Qd7 34.Rxf7 Qd1+ 35.Bf1 Ne3 36.Qf3 Nxf1
37.Qxf1 Qxf1+ 38.Kxf1 Nc8 39.Kf2 Nd6 40.Ra7 Nxe4+ 41.Ke3 Nd6 42.Ra8+ Nc8
43.Ke4 Kc7 44.c5 Kb7 45.Rxc8 Rxc8 46.cxb6 Kxb6 47.g4 Kc5 48.g5 Rg8 49.Kf5 Rf8+
50.Ke6 Rf2 51.Ng3 Rg2 52.Ne4+ Kd4 53.Kf5 Rxa2 54.g6 Rg2 55.Ng5 Rf2+ 56.Kg4 Rg2+
57.Kh4 Rh2+ 58.Nh3 Rg2 59.Ng5  1/2-1/2

[Event "It Chiburdanidze"]
[Site "Tblisi GEO"]
[Date "2004.12.06"]
[Round "4"]
[White "Khukhashvili,S"]
[Black "Nikoladze,S"]
[Result "1-0"]
[WhiteElo "2256"]
[BlackElo "2242"]

1.e4 d6 2.d4 Nf6 3.Nc3 e5 4.Nge2 Be7 5.h3 exd4 6.Nxd4 O-O 7.Nde2 Re8 8.g4 b5
9.a3 Bb7 10.Bg2 Nbd7 11.O-O Bf8 12.Ng3 Nc5 13.Bg5 a6 14.Qd2 Rb8 15.Rad1 h6
16.Bxf6 Qxf6 17.f4 a5 18.b4 axb4 19.axb4 Na6 20.Nd5 Qd8 21.c3 c6 22.Ne3 Qb6
23.Kh2 d5 24.e5 Rbd8 25.Nh5 f6 26.Qd3 fxe5 27.Qg6 Kh8 28.Nxd5 Qa7 29.Ndf6  1-0